The culture of western Europe : the nineteenth and twentieth centuries

Αποθηκεύτηκε σε:
Λεπτομέρειες βιβλιογραφικής εγγραφής
Κύριος συγγραφέας: Mosse, George L. (George Lachmann) 1918-
Μορφή: Βιβλίο
Γλώσσα:English
Δημοσίευση: Boulder ; : London : Westview Press, 1988
Έκδοση:3rd ed.
Θέματα:
Ετικέτες: Προσθήκη ετικέτας
Δεν υπάρχουν, Καταχωρήστε ετικέτα πρώτοι!

MARC

LEADER 00000nam a2200000 i 4500
001 1/67702
008 041209s1988 eng d
020 |a 0-8133-0623-X 
035 |l 10075638 
040 |a GR-MY-UA  |b gre  |e aacr 
041 0 |a eng 
082 0 |a 940.28  |2 (21) 
100 1 |a Mosse, George L.  |q (George Lachmann)  |d 1918- 
245 1 4 |a The culture of western Europe :  |b the nineteenth and twentieth centuries /  |c George L. Mosse 
250 |a 3rd ed. 
260 |a Boulder ; :   |a London :   |b Westview Press,   |c 1988 
300 |a 430 p.;  |c 22 cm 
504 |a Includes index 
651 0 |a Europe  |x Civilization  |y 19th century. 
651 0 |a Europe  |x Civilization  |y 20th century. 
852 |a INST  |b RHODES  |e 20041209  |h 940.28 MOS  |p 005400017938  |q 005400017938  |t BK  |y 0 
901 |a BIBL4-2005-1 
909 |a Ρ  |b 116691 
922 |a 4ΕΛΗ  |b 200411  |c ΕΠΕΑΕΚ2/ΠΤΔΕ  |d ΜΙΧΑΛΟΠΟΥΛΟΣ 
950 |a 095-2004-06-16 
970 |a ΧΟΡΟΖΙΔΟΥ  |b ΤΖΕΝΗ  |z 2005/01/17